000
00297nam a22001217a 4500
008
170503b xxu||||| |||| 00| 0 eng d
041
_a
eng
080
_2
5 ED
_a
342
100
_a
13
101
_a
SHJ
245
_a
CIVIL PROCEDURES CASSES MATERIALS AND QUESTIONS
_c
FREER.R.D
942
_2
udc
_c
BK
999
_c
12541
_d
12541